Critical thinking in consumer behavior : (Record no. 51650)

MARC details
000 -LEADER
fixed length control field 00580nam a22001577a 4500
008 - FIXED-LENGTH DATA ELEMENTS--GENERAL INFORMATION
fixed length control field 171018b xxu||||| |||| 00| 0 eng d
020 ## - INTERNATIONAL STANDARD BOOK NUMBER
International Standard Book Number 9780131133228
050 ## - LIBRARY OF CONGRESS CALL NUMBER
Classification number HF5415.3|b.G723 2004 082 04 658.8342|222
100 ## - MAIN ENTRY--PERSONAL NAME
Personal name Graham, Judy (Judy Frazer)
245 ## - TITLE STATEMENT
Title Critical thinking in consumer behavior :
Remainder of title cases and experiential exercises /
Statement of responsibility, etc Judy Graham
260 ## - PUBLICATION, DISTRIBUTION, ETC. (IMPRINT)
Place of publication, distribution, etc Upper Saddle River, N.J. :
Name of publisher, distributor, etc Pearson Education,
Date of publication, distribution, etc 2004
300 ## - PHYSICAL DESCRIPTION
Extent 85 p. ;
Dimensions 28 cm
500 ## - GENERAL NOTE
General note Includes bibliographical references <br/>
650 ## - SUBJECT ADDED ENTRY--TOPICAL TERM
Topical term or geographic name as entry element Consumer behavior
Form subdivision Case studies
942 ## - ADDED ENTRY ELEMENTS (KOHA)
Source of classification or shelving scheme Library of Congress Classification
Item type Book
Holdings
Withdrawn status Lost status Source of classification or shelving scheme Damaged status Not for loan Collection code Home library Current library Shelving location Date acquired Source of acquisition Cost, normal purchase price Full call number Barcode Copy number Price effective from Koha item type
    Library of Congress Classification     Non-fiction Bishop Okullu Memorial Library (Limuru Campus) Bishop Okullu Memorial Library (Limuru Campus) General Circulation 18/10/2017 Donations- BFA 2000.00 HF5415.3 .G73 2004 056053 1 18/10/2017 Book